Tilastot visalle Suomen historian 100 parasta urheilijaa

Klikkaa tästä pelataksesi tätä visaa!

Yleistilastot

  • Tätä visaa on pelattu 1 016 kertaa
  • Keskiarvotulos 34 / 103

Vastaustilastot

SijaUrheilijaLaji% Oikein
3.Matti Nykänenmäkihyppy
95%
14.Teemu Selännejääkiekko
94%
32.Kimi RäikkönenFormula 1
93%
4.Jari Litmanenjalkapallo
92%
1.Paavo Nurmikestävyysjuoksu
92%
8.Mika HäkkinenFormula 1
85%
2.Lasse Virénkestävyysjuoksu
79%
42.Tero Pitkämäkikeihäänheitto
79%
7.Jari Kurrijääkiekko
77%
84.Iivo Niskanenmaastohiihto
72%
62.Kaisa Mäkäräinenampumahiihto
69%
21.Janne Ahonenmäkihyppy
67%
56.Keke RosbergFormula 1
67%
23.Leo-Pekka Tähtipyörätuolikelaus
67%
13.Jani Sievinenuinti
64%
40.Jarkko Nieminentennis
64%
5.Marja-Liisa Kirvesniemimaastohiihto
64%
39.Seppo Rätykeihäänheitto
64%
46.Juha Mietomaastohiihto
62%
82.Toni Nieminenmäkihyppy
61%
52.Kalle Palanderalppihiihto
60%
33.Mika Myllylämaastohiihto
56%
29.Sami Hyypiäjalkapallo
56%
17.Tommi Mäkinenralli
54%
35.Aino-Kaisa Saarinenmaastohiihto
49%
48.Siiri Rantanenmaastohiihto
49%
68.Anne Mäkinenjalkapallo
48%
44.Samppa Lajunenyhdistetty
47%
12.Pertti Karppinensoutu
46%
25.Tanja Poutiainenalppihiihto
46%
27.Jarno Saarinenratamoottoripyöräily
44%
9.Hannes Kolehmainenkestävyysjuoksu
42%
51.Minna Kauppisuunnistus
42%
50.Tapio Rautavaarakeihäänheitto, jousiammunta
41%
59.Juha Kankkunenralli
40%
65.Hanno Möttöläkoripallo
38%
85.Laura Lepistötaitoluistelu
37%
74.Virpi Kuitunenmaastohiihto
36%
71.Arto Bryggareaitajuoksu
34%
75.Hanna-Maria Seppäläuinti
34%
28.Marjo Matikainenmaastohiihto
33%
6.Veikko Hakulinenmaastohiihto
32%
45.Tiina Lillakkeihäänheitto
30%
79.Toni Kohonenpesäpallo
30%
97.Mika Kohonensalibandy
29%
73.Susanna Rahkamotaitoluistelu
29%
86.Pertti Ukkolapaini
28%
73.Petri Kokkotaitoluistelu
28%
83.Satu Mäkelä-Nummelaammunta
28%
20.Ville Ritolakestävyysjuoksu
28%
57.Enni Rukajärvilumilautailu
27%
88.Kaisa Parviainenkeihäänheitto
27%
16.Eero Mäntyrantamaastohiihto
26%
22.Helena Takalomaastohiihto
22%
70.Jyrki Järvipurjehdus
22%
26.Heikki Ikolaampumahiihto
21%
94.Kyra Kyrklundratsastus
20%
49.Tomi Poikolainenjousiammunta
20%
30.Kaarlo Kangasniemipainonnosto
18%
67.Pekka Vasalakestävyysjuoksu
18%
55.Pentti Hämäläinennyrkkeily
18%
87.Veikko Kankkonenmäkihyppy
18%
96.Janne Lahtelakumparelasku
17%
63.Riikka Lehtonenlentopallo, beach volley
16%
70.Thomas Johansonpurjehdus
16%
10.Clas Thunbergpikaluistelu
15%
61.Jorma Kontioraviurheilu
15%
100.Miikka Kiprusoffjääkiekko
15%
54.Sylvi Saimomelonta
15%
78.Tuomas Sammelvuolentopallo
15%
89.Juha Väätäinenkestävyysjuoksu
14%
91.Pauli Nevalakeihäänheitto
14%
36.Heikki Hasuyhdistetty
13%
34.Heikki Mikkolamotocross
13%
15.Matti Järvinenkeihäänheitto
13%
64.Mika Koivuniemikeilailu
13%
11.Heikki Savolainenvoimistelu
12%
92.Juhani Järvinenpikaluistelu
12%
60.Mona-Lisa Pursiainenpikajuoksu
12%
93.Verner Järvinenkiekonheitto
12%
37.Kaija Mustonenpikaluistelu
11%
69.Liisa Veijalainensuunnistus
11%
81.Henri Kontinentennis
10%
47.Ilmari Salminenkestävyysjuoksu
10%
76.Juha Salminenenduro
10%
31.Ludovika Jakobssontaitoluistelu
10%
24.Pentti Linnosvuoammunta
10%
58.Pentti Nikulaseiväshyppy
10%
31.Walter Jakobssontaitoluistelu
10%
19.Gunnar Bärlundnyrkkeily
9%
95.Lea Hakalakoripallo
9%
72.Mikael Källmankäsipallo
9%
98.Sami Laakkonenjääpallo
7%
80.Riikka Väliläjääkiekko
6%
38.Verner Weckmanpaini
6%
53.Voitto Hellstenpikajuoksu
5%
99.Jouko Gripparaurheilu
4%
18.Kustaa Pihlajamäkipaini
4%
43.Veikko Huhtanenvoimistelu
4%
77.Kalle Jalkanenmaastohiihto
3%
41.Thorvald Strömbergmelonta
3%
90.Nadja Francktaitoluistelu
2%
66.Väinö Kokkinenpaini
2%

Tulosjakauma

Persentiili vastausten määrän mukaan

Jokaisen tuloksen saaneiden osuus

Tuloshistoriasi

Et ole pelannut tätä visaa